| Поле | Название | Значение |
| |
Тип записи |
a |
| |
Библиографический уровень |
m |
| 001 |
Контрольный номер |
RU/SLIB/B/208765444 |
| 005 |
Дата корректировки |
20260123123235.4 |
| 010 |
Индекс ISBN |
__ |
| a |
ISBN |
5-7797-0007-9 |
| d |
Цена |
10-28 |
| 101 |
Язык документа |
0_ |
| a |
Язык текста |
rus |
| c |
Язык оригинала |
rus |
| 200 |
Заглавие и сведения об ответственности |
1_ |
| a |
Заглавие |
Развитие памяти детей |
| e |
Сведения, относящиеся к заглавию |
попул. пособие для родителей и педагогов |
| f |
Первые сведения об ответственности |
Л. В. Черемошкина ; худож.: М. В. Душин, В. Н. Куров |
| b |
Общее обозначение материала |
Текст |
| 210 |
Выходные данные |
1_ |
| a |
Место издания |
Ярославль |
| c |
Издательство |
Акад. развития |
| d |
Дата издания |
1997 |
| 215 |
Физическое описание |
__ |
| a |
Объем |
237 с. |
| c |
Иллюстрации/тип воспроизводства |
ил. |
| 225 |
Серия |
2_ |
| a |
Серия |
Вместе учимся, играем |
| 330 |
Аннотация |
__ |
| a |
Аннотация |
В книге содержатся игры, задания и упражнения на развитие памяти, применение которых не требует дополнительной подготовки и специального образования. |
| 606 |
Тематические рубрики |
__ |
| a |
Основная рубрика |
Психология |
| 606 |
Тематические рубрики |
__ |
| a |
Основная рубрика |
Детская психология |
| 610 |
Ключевые слова |
0_ |
| a |
Ключевые слова |
дети; память; дошкольный возраст; младший школьный возраст; подростки; психодиагностика; развитие памяти |
| 686 |
Индексы других классификаций |
__ |
| a |
Классификационный индекс |
88.8я7 ; В88я7 |
| 700 |
Автор |
_1 |
| a |
Фамилия |
Черемошкина |
| b |
Имя |
Л. В. |
| 4 |
Код отношения |
070 |
| 702 |
Вторичная интеллектуальная ответственность |
_1 |
| a |
Фамилия |
Душин |
| b |
Имя |
М. В. |
| 4 |
Код отношения |
Иллюстратор |
| 4 |
Код отношения |
440 |
| 702 |
Вторичная интеллектуальная ответственность |
_1 |
| a |
Фамилия |
Куров |
| b |
Имя |
В. Н. |
| 4 |
Код отношения |
Иллюстратор |
| 4 |
Код отношения |
440 |
| 801 |
Источник записи |
_0 |
| a |
Страна |
RU |
| b |
Организация |
Муниципальное бюджетное учреждение культуры "Централизованная библиотечная система" г. Сургут (Центральная городская библиотека им. А. С. Пушкина) |
| g |
Правила каталогизации |
КиК/Поспелова |
| 801 |
Источник записи |
_1 |
| a |
Страна |
RU |
| b |
Организация |
Муниципальное бюджетное учреждение культуры "Централизованная библиотечная система" г. Сургут (Центральная городская библиотека им. А. С. Пушкина) |
| g |
Правила каталогизации |
КиК/Поспелова |
| 852 |
Данные о местонахождении |
__ |
| j |
Шифр хранения |
88.8я7 |
| c |
Каталожный индекс |
88.8я7 |
| i |
Авторский знак |
Ч-46 |
| p |
Инвентарный номер |
76637 |
| 901 |
Тип документа |
1_ |
| t |
Тип документа |
m |
| 903 |
Характеристики (МАРС) |
__ |
| a |
Дата передачи |
20040422 |
| 969 |
Тип издания |
__ |
| a |
Тип издания |
пособие |
| 990 |
Данные о заказе (DOS) |
00 |
| j |
Количество экземпляров (DOS) |
1 |
| t |
N записи в КСУ для И/У (DOS) |
200405 |